| 000 | 00641nam a22002057a 4500 | ||
|---|---|---|---|
| 999 |
_c3972 _d3972 |
||
| 003 | AR-CdUCM | ||
| 008 | 190307b ||||| |||| 00| 0 spa d | ||
| 040 |
_aMUNICIPALIDAD PROVINCIAL DEL CUSCO _cBIBLIOTECA MUNICIPAL DEL CUSCO |
||
| 082 |
_a869.56 / _bV32 |
||
| 100 |
_aVargas Llosa, Mario _9483 |
||
| 245 | _aLa ciudad y los perros / | ||
| 260 |
_aBogotá : _bLa oveja Negra, _c1983. |
||
| 300 |
_a349 páginas ; _c19 cm. |
||
| 440 |
_aHistoria universal de la literatura. _n40 _912700 |
||
| 650 |
_aNovelas peruanas _9545 |
||
| 650 |
_aSiglo XX _98 |
||
| 650 |
_aNovelas de estudiantes-Perú _912701 |
||
| 942 |
_2ddc _cLIBROS |
||
| 945 | _azta | ||